Представление документа в формате MARC21

Поле Инд. ПП Название Значение
Тип записи a
Библиографический уровень m
001 Контрольный номер f9190d35-2a40-4073-9f58-27acbed7d00a
005 Дата корректировки 20140703152818.1
008 Кодируемые данные 070306
020 c Цена, тираж б/ц
040 a Служба первич. каталог. НБ ТвГУ
041 a Код языка текста rus
080 a Индекс УДК 316.74:796(043.3)
084 a Индекс другой классификации/Индекс ББК С564.03я031
090 x Авторский знак Л33
a Полочн. индекс С564.0
100 1_ a Автор Лебедев Алексей Сергеевич
245 10 a Заглавие Гуманистическая сущность и социокультурные функции спорта
b Продолж. заглавия автореф. дис. ... канд. филос. наук : 09.00.11
c Ответственность Моск. гос. техн. ун-т им. Н. Э. Баумана, Каф. философии
260 0_ a Место издания Москва
b Издательство Моск. гос. техн. ун-т
c Дата издания 2006
300 a Объем 19 с.
500 a Примечание На правах рукоп.
504 a Библиография Библиогр.: с. 19.
583 a Действие Получение впервые 43 05.03.2007
650 a Основная рубрика Спорт
x Основная подрубрика Социокультурные функции
x Основная подрубрика Социология
653 a Ключевые слова Спорт
a Ключевые слова Физическая культура
a Ключевые слова Социокультурные функции спорта
a Ключевые слова Социология спорта
a Ключевые слова Социальная философия
a Ключевые слова Авторефераты
852 t Порядковый номер экземпляра 1
p Инвентарный номер б/н
888 a Бесплатные
930 a Новая/Ретро авторефераты
952 p 43.2007 б/ц 1 б/н
c Вид литературы А/Р н
954 a Дата поступления на обработку 20070319
999 a Подразделение 2 ч.з.